000 00542nam a2200193Ia 4500
003 LDD
008 181029s9999 xx 000 0 und d
020 _a9788180302572
_c795.00
040 _cLDD
100 _aSharma, G.
245 0 _aBasic analytical chemistry
_cG. Sharma
260 _aNew Delhi
_bCampus Books
_c2010
300 _av, 272p.
365 _b795.00
901 _a6057
_b25-08-2010
902 _aADB/108/D/2010
_b31-08-2010
_cF
_dARUNIM
_e54
903 _aDiscount-15
_bReqst by : B I Fojdar
942 _2ddc
_cBK
999 _c90600
_d90600